| 000 | 00000nam 2200000zi 4500 |
| 001 | 9.885855 |
| 003 | CaOODSP |
| 005 | 20250707150151 |
| 006 | m o d f |
| 007 | cr |n||||||||| |
| 008 | 200416e20200615onc ob f000 0 eng d |
| 020 | |a9780660345437 |
| 040 | |aCaOODSP|beng|erda|cCaOODSP |
| 043 | |an-cn--- |
| 086 | 1 |aBT22-224/1-2020E-PDF |
| 245 | 00|aGuide to advance payments. |
| 264 | 1|aOttawa, Ontario : |bTreasury Board of Canada, Secretariat, |c2020-06-15. |
| 264 | 4|c©2020 |
| 300 | |a1 online resource (10 unnumbered pages) |
| 336 | |atext|btxt|2rdacontent |
| 337 | |acomputer|bc|2rdamedia |
| 338 | |aonline resource|bcr|2rdacarrier |
| 500 | |aIssued also in French under title: Guide sur les paiements anticipés. |
| 500 | |a"Published: 2020-06-15"--Cover. |
| 500 | |aIssued also in HTML. |
| 504 | |aIncludes bibliographical references. |
| 520 | |a"The purpose of this guide is to help departments meet the requirements for issuing advance payments, as set out in the Directive on Payments"--Application, purpose and scope. |
| 650 | 0|aGovernment spending policy|zCanada. |
| 650 | 0|aFinance, Public|zCanada. |
| 710 | 1 |aCanada. |bTreasury Board, |eissuing body. |
| 775 | 08|tGuide sur les paiements anticipés.|w(CaOODSP)9.885857 |
| 794 | |tGuide to advance payments.|b[2025]|w(CaOODSP)9.948229 |
| 856 | 40|qPDF|s399 KB|uhttps://publications.gc.ca/collections/collection_2020/sct-tbs/BT22-224-1-2020-eng.pdf |
| 856 | 4 |qHTML|sN/A|uhttps://www.tbs-sct.gc.ca/pol/doc-eng.aspx?id=32646§ion=html |